Phẫu thuật mũi xoang

Bewaard in:
Bibliografische gegevens
Hoofdauteur: Nguyễn Tấn Phong
Formaat: Boek
Taal:Undetermined
Gepubliceerd in: Hà Nội Y học 1995
Onderwerpen:
Tags: Voeg label toe
Geen labels, Wees de eerste die dit record labelt!
Thư viện lưu trữ: Trung tâm Học liệu Trường Đại học Cần Thơ
LEADER 00514nam a2200181Ia 4500
001 CTU_11930
008 210402s9999 xx 000 0 und d
082 |a 617.523 
082 |b Ph431 
100 |a Nguyễn Tấn Phong 
245 0 |a Phẫu thuật mũi xoang 
245 0 |c Nguyễn Tấn Phong 
260 |a Hà Nội 
260 |b Y học 
260 |c 1995 
650 |a otalarynology 
904 |i Nguyễn Quang Điền, 961010 
980 |a Trung tâm Học liệu Trường Đại học Cần Thơ